000 00511nam a2200181Ia 4500
001 24583
005 20260414151053.0
008 260414t2014||||xx |||||||||||||| ||spa||
041 _aESP
082 _a345.721
_bB141 V. 29
110 _aBiblioteca de arbitraje del Estudio Mario Castillo Freyre
245 0 _aArbitraje :
_bactas del séptimo congreso internacional de arbitraje 2013
260 _c2014
300 _a338 páginas :
_c24 cm.
650 _aDER
654 _aCDE
942 _cLIB
_dJUS
_fJUS
_2ddc
_n
999 _c24583
_d24583